|
|
|
|
| LEADER |
01115nam a2200289 a 4500 |
| 001 |
28618 |
| 003 |
BD-DhAAL |
| 005 |
20190702111518.0 |
| 008 |
141125s1995 enk b 001 0 eng |
| 999 |
|
|
|c 33118
|d 33118
|
| 010 |
|
|
|a 94019659
|
| 020 |
|
|
|a 0335156886 (pbk.)
|
| 020 |
|
|
|a 8176494321
|
| 040 |
|
|
|a DLC
|c DLC
|d DLC
|d BD-DhAAL
|
| 050 |
0 |
0 |
|a PR2833
|b .T46 1995
|
| 082 |
0 |
0 |
|a 822.33
|2 20
|
| 245 |
0 |
4 |
|a The tempest /
|c edited by Nigel Wood.
|
| 260 |
|
|
|a Buckingham ;
|a Philadelphia :
|b Open University Press,
|c 1995.
|
| 300 |
|
|
|a xvi, 197 p. ;
|c 22 cm.
|
| 490 |
|
0 |
|a Theory in practice series
|
| 504 |
|
|
|a Includes bibliographical references (p. [181]-192) and index.
|
| 541 |
|
|
|e 28618
|
| 600 |
1 |
0 |
|a Shakespeare, William,
|d 1564-1616.
|t Tempest.
|9 6188
|
| 650 |
|
0 |
|a Tragicomedy
|x History and criticism.
|9 6189
|
| 700 |
1 |
|
|a Wood, Nigel,
|d 1953-
|9 6190
|
| 942 |
|
|
|2 ddc
|c BK
|
| 952 |
|
|
|0 0
|1 0
|2 ddc
|4 0
|6 822_330000000000000_TEM
|7 0
|9 44206
|a BRACUL
|b BRACUL
|c GEN
|d 2014-11-25
|e BRAC Institute of Language (BIL)
|l 4
|m 14
|o 822.33 TEM
|p 3010028618
|r 2026-05-21
|s 2026-05-16
|t 1
|w 2014-11-25
|y BK
|x Transferred from BIL to BRACUL on 06/06/22
|